[Event "POL-chT U20"]
[Site "Szczyrk"]
[Date "2017.07.28"]
[Round "7.6"]
[White "Harazinska, Magdalena"]
[Black "Chomicka, Kinga"]
[Result "1-0"]
[WhiteElo "1917"]
[BlackElo "1363"]
[PlyCount "113"]
[EventDate "2017.07.22"]
[EventType "team-tourn"]
[EventRounds "9"]
[EventCountry "POL"]
[SourceTitle "EXT 2019"]
[Source "ChessBase"]
[SourceDate "2018.10.10"]
[SourceVersion "1"]
[SourceVersionDate "2018.10.10"]
[SourceQuality "1"]

1. d4 Nf6 2. c4 e6 3. Nc3 Bb4 4. Qc2 Qe7 5. a3 Bxc3+ 6. bxc3 d6 7. e4 e5 8. Bd3 Nbd7 9. Ne2 b6 10. 0-0 Bb7 11. Ng3 0-0 12. f4 Rfe8 13. Nf5 Qf8 14. fxe5 dxe5 15. d5 Nc5 16. Bg5 Nfd7 17. Be2 f6 18. Be3 Kh8 19. Rf3 Qf7 20. Raf1 Nf8 21. Rg3 Ng6 22. Bh5 Nd7 23. Qf2 Ba6 24. Bxg6 hxg6 25. Rh3+ Kg8 26. Qh4 Qf8 27. Qh7+ Kf7 28. Nh4 Bxc4 29. Qxg6+ Ke7 30. Rd1 Kd8 31. Nf5 Qg8 32. Nxg7 Bb5 33. Qxe8+ Qxe8 34. Nxe8 Kxe8 35. Rh8+ Nf8 36. Bh6 Kf7 37. d6 Rd8 38. Rxf8+ Rxf8 39. Bxf8 Kxf8 40. dxc7 Ba6 41. Rd8+ Ke7 42. c8Q Bxc8 43. Rxc8 Ke6 44. Rc7 a5 45. Rc6+ Ke7 46. Rxb6 f5 47. exf5 e4 48. Kf2 a4 49. Re6+ Kf7 50. c4 e3+ 51. Kxe3 Kf8 52. c5 Kf7 53. c6 Kf8 54. c7 Kf7 55. c8Q Kg7 56. Qd7+ Kf8 57. Re8# 1-0

[Event "POL-chT U20"]
[Site "Szczyrk"]
[Date "2017.07.27"]
[Round "6.30"]
[White "Chomicka, Kinga"]
[Black "Siekanska, Maria"]
[Result "1/2-1/2"]
[WhiteElo "1363"]
[BlackElo "1183"]
[PlyCount "43"]
[EventDate "2017.07.22"]
[EventType "team-tourn"]
[EventRounds "9"]
[EventCountry "POL"]
[SourceTitle "EXT 2019"]
[Source "ChessBase"]
[SourceDate "2018.10.10"]
[SourceVersion "1"]
[SourceVersionDate "2018.10.10"]
[SourceQuality "1"]

1. e4 c5 2. Nc3 e6 3. g3 Nc6 4. Bg2 Nf6 5. Nge2 d6 6. 0-0 Be7 7. d3 0-0 8. h3 d5 9. exd5 exd5 10. Nf4 d4 11. Ncd5 Be6 12. Nxe7+ Qxe7 13. Re1 Qd7 14. Nxe6 fxe6 15. Qe2 Rae8 16. a3 e5 17. Bd2 Nd5 18. Qe4 Nf6 19. Qe2 Nd5 20. Qe4 Nf6 21. Qe2 Nd5 22. Qe4 1/2-1/2

[Event "POL-chT U20"]
[Site "Szczyrk"]
[Date "2017.07.23"]
[Round "2.18"]
[White "Chomicka, Kinga"]
[Black "Jarocka, Liwia"]
[Result "0-1"]
[WhiteElo "1363"]
[BlackElo "1789"]
[PlyCount "138"]
[EventDate "2017.07.22"]
[EventType "team-tourn"]
[EventRounds "9"]
[EventCountry "POL"]
[SourceTitle "EXT 2019"]
[Source "ChessBase"]
[SourceDate "2018.10.10"]
[SourceVersion "1"]
[SourceVersionDate "2018.10.10"]
[SourceQuality "1"]

1. e4 c5 2. Nc3 e6 3. g3 d5 4. Bg2 dxe4 5. Nxe4 Nc6 6. Ne2 Be7 7. 0-0 Nf6 8. N2c3 0-0 9. d3 Qc7 10. Be3 b6 11. Bf4 Qd7 12. Nb5 Nd5 13. Bd2 Bb7 14. Nbc3 Rfd8 15. Qh5 g6 16. Qh3 Nxc3 17. Bxc3 Nd4 18. Qh6 Bxe4 19. Bxd4 cxd4 20. Bxe4 Rac8 21. Rfc1 Rc5 22. Qd2 Rdc8 23. c4 Bg5 24. f4 Bh6 25. b4 R5c7 26. Qf2 e5 27. Rf1 Qe7 28. a3 Rd8 29. Qf3 exf4 30. gxf4 f5 31. Bd5+ Kh8 32. Rae1 Qd7 33. b5 Qd6 34. a4 Re7 35. Rxe7 Qxe7 36. Qf2 Qe3 37. Kg2 Re8 38. Qf3 Kg7 39. Bc6 Qxf3+ 40. Rxf3 Re2+ 41. Rf2 Rxf2+ 42. Kxf2 Bxf4 43. h3 Kf6 44. Kf3 Bd6 45. Bd5 h6 46. Kg2 g5 47. Bf3 Ke5 48. Kg3 Bb4 49. Bh5 Be1+ 50. Kf3 Bh4 51. c5 bxc5 52. a5 Kd6 53. Bg6 f4 54. Be4 Kc7 55. Kg4 Be1 56. a6 Ba5 57. Kh5 Kd6 58. Kxh6 Bd8 59. Kg6 Ke5 60. Kf7 Bb6 61. Kg6 c4 62. Kxg5 c3 63. h4 c2 64. h5 c1Q 65. h6 f3+ 66. Kg6 Qg1+ 67. Kf7 f2 68. Ke8 Qg8+ 69. Kd7 Qe6# 0-1

[Event "POL-chT U20"]
[Site "Szczyrk"]
[Date "2017.07.22"]
[Round "1.24"]
[White "Marcinczyk, Monika"]
[Black "Chomicka, Kinga"]
[Result "1-0"]
[WhiteElo "1671"]
[BlackElo "1363"]
[PlyCount "89"]
[EventDate "2017.07.22"]
[EventType "team-tourn"]
[EventRounds "9"]
[EventCountry "POL"]
[SourceTitle "EXT 2019"]
[Source "ChessBase"]
[SourceDate "2018.10.10"]
[SourceVersion "1"]
[SourceVersionDate "2018.10.10"]
[SourceQuality "1"]

1. c4 e5 2. Nc3 Nc6 3. Nf3 g6 4. d4 Bg7 5. dxe5 Nxe5 6. e4 d6 7. Be2 Ne7 8. Be3 0-0 9. 0-0 Be6 10. Nxe5 dxe5 11. Qb3 b6 12. Rfd1 Qc8 13. Qa4 f6 14. c5 Kh8 15. Rac1 Qb7 16. Ba6 Qb8 17. c6 Qe8 18. Nb5 Qf7 19. Nxc7 Rad8 20. Rxd8 Rxd8 21. Nxe6 Qxe6 22. c7 Rf8 23. Rd1 f5 24. Bg5 Bf6 25. Bc4 Nd5 26. Bxd5 Qc8 27. Bxf6+ Rxf6 28. Qxa7 Rf8 29. Rc1 Kg7 30. Qb7 fxe4 31. Qxc8 Rxc8 32. Bb7 Rf8 33. c8Q Rxc8 34. Rxc8 Kf6 35. Re8 Kf5 36. Bd5 Kf4 37. h4 e3 38. g3+ Kg4 39. Rxe5 exf2+ 40. Kxf2 g5 41. Rxg5+ Kh3 42. Be6+ Kh2 43. h5 h6 44. Rg4 b5 45. Rh4# 1-0

[Event "POL Olympiad U14 Girls"]
[Site "Drzonkow"]
[Date "2017.04.07"]
[Round "8"]
[White "Bednarska, Julita"]
[Black "Chomicka, Kinga"]
[Result "0-1"]
[WhiteElo "1231"]
[BlackElo "1254"]
[PlyCount "80"]
[EventDate "2017.04.02"]
[EventType "swiss"]
[EventRounds "9"]
[EventCountry "POL"]
[SourceTitle "EXT 2020"]
[Source "ChessBase"]
[SourceDate "2019.10.17"]
[SourceVersion "1"]
[SourceVersionDate "2019.10.17"]
[SourceQuality "1"]

1. e4 e5 2. Nf3 Nc6 3. Bb5 a6 4. Ba4 Nf6 5. Qe2 b5 6. Bb3 d6 7. a4 bxa4 8. Bxf7+ Kxf7 9. Qc4+ Ke7 10. Ng5 Qe8 11. Rxa4 h6 12. Nf3 Be6 13. Qc3 g5 14. d3 Bg7 15. Na3 Qd7 16. Be3 Rhc8 17. Nc4 Nd4 18. Ra1 Nxf3+ 19. gxf3 Bxc4 20. Qxc4 Qb5 21. Qa2 Rcb8 22. b3 c6 23. Rg1 d5 24. h4 Nh7 25. hxg5 hxg5 26. Bxg5+ Nxg5 27. Rxg5 Bf6 28. Rg1 Rh8 29. Ke2 Rh2 30. Rh1 Rxh1 31. Rxh1 Rh8 32. Rb1 Rh2 33. Qa3+ Kd7 34. Rf1 Be7 35. Qa1 d4 36. f4 Qc5 37. Kd1 exf4 38. Qxa6 Qh5+ 39. Ke1 Bb4+ 40. c3 Bxc3# 0-1

[Event "POL Olympiad U14 Girls"]
[Site "Drzonkow"]
[Date "2017.04.05"]
[Round "5"]
[White "Sawa, Daria"]
[Black "Chomicka, Kinga"]
[Result "1-0"]
[WhiteElo "1314"]
[BlackElo "1254"]
[PlyCount "125"]
[EventDate "2017.04.02"]
[EventType "swiss"]
[EventRounds "9"]
[EventCountry "POL"]
[SourceTitle "EXT 2020"]
[Source "ChessBase"]
[SourceDate "2019.10.17"]
[SourceVersion "1"]
[SourceVersionDate "2019.10.17"]
[SourceQuality "1"]

1. e4 e5 2. Nf3 Nc6 3. Bc4 Bc5 4. c3 Nf6 5. d4 exd4 6. cxd4 Bb4+ 7. Bd2 Bxd2+ 8. Nbxd2 d5 9. exd5 Nxd5 10. 0-0 0-0 11. Ne5 Nxe5 12. dxe5 Nf4 13. Nf3 Bg4 14. Qb3 b5 15. Qe3 Nd5 16. Bxd5 Qxd5 17. Rfd1 Qb7 18. Rac1 Bxf3 19. Qxf3 Qxf3 20. gxf3 Rfc8 21. Rd7 c6 22. Rd6 Kf8 23. Rcxc6 Rxc6 24. Rxc6 Rd8 25. Ra6 Rd5 26. Rxa7 Rxe5 27. Rb7 Ke8 28. Kg2 Rf5 29. Kg3 Kd8 30. f4 Kc8 31. Re7 Rf6 32. Re5 Rb6 33. Kf3 Kd7 34. Ke4 b4 35. Kd4 b3 36. a3 Rh6 37. Rg5 Rxh2 38. Rxg7 Ke6 39. Kc3 Kf6 40. Rg3 h5 41. Kxb3 h4 42. Rg4 Kf5 43. f3 h3 44. Rh4 Rh1 45. a4 h2 46. Kb4 Ra1 47. Rxh2 Kxf4 48. Rh5 Ra2 49. b3 Rf2 50. Rh3 Rd2 51. a5 Rd4+ 52. Kb5 Rd5+ 53. Ka4 Rd6 54. b4 f5 55. Kb5 Ke3 56. a6 Kf2 57. a7 Kg2 58. a8Q Kxh3 59. Qh8+ Kg2 60. Qe5 Rd3 61. Qxf5 Rxf3 62. Qxf3+ Kxf3 63. Kc6 1-0

[Event "POL Olympiad U14 Girls"]
[Site "Drzonkow"]
[Date "2017.04.03"]
[Round "2"]
[White "Chomicka, Kinga"]
[Black "Polak, Sylwia"]
[Result "1-0"]
[WhiteElo "1254"]
[BlackElo "1390"]
[PlyCount "121"]
[EventDate "2017.04.02"]
[EventType "swiss"]
[EventRounds "9"]
[EventCountry "POL"]
[SourceTitle "EXT 2020"]
[Source "ChessBase"]
[SourceDate "2019.10.17"]
[SourceVersion "1"]
[SourceVersionDate "2019.10.17"]
[SourceQuality "1"]

1. e4 c5 2. Nc3 e6 3. g3 a6 4. Bg2 Nc6 5. d3 Qc7 6. Be3 Nf6 7. f4 d6 8. Nf3 Be7 9. 0-0 0-0 10. Nh4 Rb8 11. f5 b5 12. Bh3 b4 13. Ne2 d5 14. Bg5 dxe4 15. fxe6 exd3 16. Qxd3 fxe6 17. Qc4 Nd8 18. Bf4 Bd6 19. Bxd6 Qxd6 20. Rad1 Qb6 21. Nf5 Qb5 22. Qxb5 axb5 23. Ne7+ Kh8 24. Nxc8 Rxc8 25. Rd6 Nf7 26. Rb6 Ng5 27. Bxe6 Nxe6 28. Rxe6 Rfe8 29. Nf4 Kg8 30. Rfe1 Rxe6 31. Rxe6 Rd8 32. Nd3 c4 33. Nxb4 Nd5 34. Nxd5 Rxd5 35. Kf2 Rd2+ 36. Re2 Rd5 37. Ke3 Kf7 38. Rd2 Rh5 39. Kf4 Kf6 40. Rd6+ Ke7 41. Rd2 Kf6 42. Rf2 Ke6 43. Kg4 Re5 44. Rf8 Ke7 45. Rf2 Ke6 46. Kf3 Kf6 47. Kg2+ Ke6 48. b3 c3 49. Kf3 Kd6 50. Re2 Rd5 51. h4 Kc5 52. a3 Kd6 53. Kf2 Kd7 54. Ke1 Kd6 55. Re3 Rc5 56. Ke2 Kd7 57. Kd3 Rc6 58. Kd4 Ra6 59. Kxc3 Rxa3 60. Kb4 Ra2 61. Rc3 1-0